La emigración del campo a las ciudades / (Record no. 97002)

MARC details
000 -LEADER
campo de control de longitud fija 00585nam a2200169 i 4500
001 - NÚMERO DE CONTROL
campo de control 97002
003 - IDENTIFICADOR DE NÚMERO DE CONTROL
campo de control ES-MaACL
005 - FECHA Y HORA DE LA ÚLTIMA TRANSACCIÓN
campo de control 20230906182023.0
007 - CAMPO FIJO DE DESCRIPCIÓN FÍSICA--INFORMACIÓN GENERAL
campo de control de longitud fija t|
008 - DATOS DE LONGITUD FIJA--INFORMACIÓN GENERAL
campo de control de longitud fija 050705s1968 sp ||||1| spa d
100 1# - ENTRADA PRINCIPAL--NOMBRE DE PERSONA
Nombre de persona Manrique, Gervasio.
9 (RLIN) 76096
245 13 - MENCIÓN DEL TÍTULO
Título La emigración del campo a las ciudades /
Mención de responsabilidad, etc. por Gervasio Manrique de Lara.
260 ## - PUBLICACIÓN, DISTRIBUCIÓN, ETC.
Lugar de publicación, distribución, etc. Madrid :
Nombre del editor, distribuidor, etc. C. Bermejo,
Fecha de publicación, distribución, etc. 1968.
300 ## - DESCRIPCIÓN FÍSICA
Extensión 15 h., 1 lám. ;
Dimensiones 24 cm.
500 ## - NOTA GENERAL
Nota general Es tirada aparte de la Revista de Dialectología y Tradiciones Populares, Tom. XXIV, 1968.- Pág. 148 a 176.
852 ## - LOCALIZACIÓN
Ubicación ES-MaACL
Número de control de estantería 2062-F-35
Sublocalización o colección R.66866
Holdings
Estatus retirado Estado de pérdida Estado de daño No para préstamo Colección Biblioteca de origen Biblioteca actual Ubicación en estantería Fecha de adquisición Fuente de adquisición Total de préstamos Signatura topográfica completa Código de barras Visto por última vez Precio de reemplazo Tipo de ítem Koha
        Colección de folletos Biblioteca del Ateneo de Madrid Biblioteca del Ateneo de Madrid Depósito folletos 17/01/2008     2062-F-35 1101270 23/02/2023 23/02/2023 Folleto